Ergonomické riešenie lokálnej svalovej záťaže na montážnej linke hydraulických napínačov v spoločnosti Schaeffler Skalica, spol. s r.o.
Saved in:
| Main Author: | |
|---|---|
| Other Authors: | |
| Format: | Manuscript Book |
| Language: | Slovak |
| Published: |
2023
|
| Subjects: | |
| Online Access: | http://is.stuba.sk/zp/portal_zp.pl?podrobnosti=170549 |
| Tags: |
No Tags, Be the first to tag this record!
|
MARC
| LEADER | 00000ntm a22000003a 4500 | ||
|---|---|---|---|
| 001 | stuzp94988 | ||
| 003 | SK-STU | ||
| 005 | 20240513073517.9 | ||
| 007 | ta | ||
| 008 | 150427s2015----xo-----f-mn---000-0-slo-d | ||
| 040 | |a STU |b slo | ||
| 041 | 0 | |a slo | |
| 100 | 1 | |a Konečný, Tibor |u 020070 |4 aut |U SjF Strojnícka fakulta |T SjF Ústav výrobných systémov, enviromentálnej techniky a manažment kvality |X 93150 |U J0070 |Y 804 |7 93150 | |
| 242 | 0 | 1 | |a Ergonomic solution for local muscle strain on the assembly line of hydraulic tensioners at Schaeffler Skalica spol. s r.o. |y eng |
| 245 | 1 | 0 | |a Ergonomické riešenie lokálnej svalovej záťaže na montážnej linke hydraulických napínačov v spoločnosti Schaeffler Skalica, spol. s r.o. |
| 260 | |c 2023 | ||
| 650 | 4 | |a problémy |2 slo | |
| 650 | 4 | |a EMG metóda |2 slo | |
| 650 | 4 | |a ergonómia |2 slo | |
| 650 | 4 | |a analýza |2 slo | |
| 650 | 4 | |a lokálna svalová záťaž |2 slo | |
| 650 | 4 | |a ergonomics |2 eng | |
| 650 | 4 | |a analysis |2 eng | |
| 650 | 4 | |a problems |2 eng | |
| 650 | 4 | |a local muscle load |2 eng | |
| 650 | 4 | |a EMG method |2 eng | |
| 700 | 1 | |a Součková, Ingrid |u 020070 |k Z1 |4 ths |U SjF Strojnícka fakulta |T SjF Ústav výrobných systémov, enviromentálnej techniky a manažment kvality |X 2364 |U J0070 |Y 804 |7 A000002364 | |
| 856 | 4 | |u http://is.stuba.sk/zp/portal_zp.pl?podrobnosti=170549 | |
| 996 | |b 284J047558 |c J* 3680/DDP |l JJSK |s A |a 24 |w stuzp94988_0001 | ||